000 00795nam a2200229Ia 4500
001 7016
003 GE_BSU
008 181216s||||||||xx |||||||||||||| ||und||
040 _cGE_BSU
080 _a624.075.22(07)
100 _aБезухов,Н.И. Лужин,О.В. Колкунов,Н.В.
245 _aУстоичивость и динамика сооружений в примерах и задачах.
245 _cРед.изд-ва Э.М.Осипова.
250 _aИзд 2-ое, перераб. и доп.
260 _aМ.
260 _bСтройиздат.
260 _c1969.
300 _a423стр. 26см.
300 _eтабл.
653 _aУстоичивость и динамика сооружений в примерах и задачах.
942 _cBK
999 _c40408
_d40408